| 000 | 00675nam a22002177a 4500 | ||
|---|---|---|---|
| 999 |
_c9559 _d9559 |
||
| 003 | AR-CdUCM | ||
| 008 | 190328b ||||| |||| 00| 0 spa d | ||
| 040 |
_aMUNICIPALIDAD PROVINCIAL DEL CUSCO _cBIBLIOTECA MUNICIPAL DEL CUSCO |
||
| 082 |
_a869.33 / _bR78C / 1936 |
||
| 100 |
_aRokha, Winett de _925838 |
||
| 245 |
_aCantoral : _bPoemas 1925-1936 / |
||
| 260 |
_aSantiago de Chile : _c1936 |
||
| 300 |
_a126 páginas ; _c19 cm. |
||
| 500 | _aCon dedicatoria a Luis Nieto -- Donación de la familia Nieto | ||
| 505 | _aContenido : Poesía | ||
| 650 |
_aPoesía _9444 |
||
| 650 |
_aChile _91150 |
||
| 650 |
_aLiteratura _9416 |
||
| 942 |
_2ddc _cLIBROS |
||
| 945 | _admma | ||